000 01013nam a22003257a 4500
003 CHAP
005 20220329133952.0
008 971013s1981 r 00010 d
010 _a13377
011 _a14349
035 _a18422
040 _cCHAP
082 _a020.711
_bC3
100 0 0 _aCasteleyn, Mary.
_919982
245 _aPlanning library training programmes
260 _aLondon :
_bAndre Deutsch,
_c1981
300 _a175 h.
500 _aFotocopia
590 _aBATCH-UPD
_b10
_c20130110
_lUCH01
_h0106
590 _aBATCH-UPD
_b10
_c20130110
_lUCH01
_h2057
590 _aBATCH-UPD
_b10
_c20130410
_lUCH01
_h1410
590 _aBATCH-UPD
_b10
_c20130914
_lUCH01
_h0624
590 _aCONVERSION
_b10
_c20130109
_lUCH01
_h1309
650 1 4 _aBiblioteconomía
_xEstudio y enseñanza.
_912577
650 1 4 _aPersonal
_xAdministración de.
_987325
901 _aBK
942 _cLIBRO
949 _a020.711 C3
_bBC
_cB
_d-42986
_eB
_h63169
_i18422
_mD
_si
949 _a020.711 C3
_bBC
_cB
_d-42987
_eB
_fc.2
_h70196
_i18422
_si
999 _c13377
_d13377